000 00548nam a2200193 i 4500
001 130603
003 ES-MaACL
005 20230906193803.0
007 t|
008 070801s1961 sp ||||1| spa d
100 1 _aZárraga, Dolores.
_9118082
245 1 0 _aHabló mi alma /
_cLola Zárraga.
260 _a[Madrid :
_bs.n.,
_c1961] (
_fImp. Gráf. Estades)
300 _a109 p. ;
_c17 cm.
490 1 _aColección "Odin" ;
_v1
830 0 _aColección "Odin" ;
_v1
_9219481
852 _aES-MaACL
_jC-20283
_bR.48929
999 _c130603
_d130603